Bangladesh : Assessment Letter for the Asian Development Bank.

Assessment Letters or Statements may be prepared for member countries with Fund-supported programs; receiving Fund emergency assistance; with staff-monitored programs; or surveillance-only cases. They are typically produced for use by the country with multilateral or bilateral donors or creditors, i...

Ausführliche Beschreibung

Bibliographische Detailangaben
Körperschaft: International Monetary Fund
Format: Zeitschrift
Sprache:English
Veröffentlicht: Washington, D.C. : International Monetary Fund, 2009.
Schriftenreihe:Policy Papers; Policy Paper ; No. 2009/083
Schlagworte:
Online Zugang:Full text available on IMF
LEADER 01575cas a2200301 a 4500
001 AALejournalIMF020082
008 230101c9999 xx r poo 0 0eng d
020 |c 5.00 USD 
020 |z 9781498335706 
022 |a 2663-3493 
040 |a BD-DhAAL  |c BD-DhAAL 
110 2 |a International Monetary Fund. 
245 1 0 |a Bangladesh :   |b Assessment Letter for the Asian Development Bank. 
264 1 |a Washington, D.C. :  |b International Monetary Fund,  |c 2009. 
300 |a 1 online resource (2 pages) 
490 1 |a Policy Papers 
500 |a <strong>Off-Campus Access:</strong> No User ID or Password Required 
500 |a <strong>On-Campus Access:</strong> No User ID or Password Required 
506 |a Electronic access restricted to authorized BRAC University faculty, staff and students 
520 3 |a Assessment Letters or Statements may be prepared for member countries with Fund-supported programs; receiving Fund emergency assistance; with staff-monitored programs; or surveillance-only cases. They are typically produced for use by the country with multilateral or bilateral donors or creditors, in particular the World Bank and other International Financial Institutions. 
538 |a Mode of access: Internet 
650 7 |a IMF Relation  |2 imf 
650 7 |a IMF Staffs Assessment  |2 imf 
650 7 |a IMF's Executive Board  |2 imf 
650 7 |a PP  |2 imf 
651 7 |a Bangladesh  |2 imf 
830 0 |a Policy Papers; Policy Paper ;  |v No. 2009/083 
856 4 0 |z Full text available on IMF  |u http://elibrary.imf.org/view/journals/007/2009/083/007.2009.issue-083-en.xml  |z IMF e-Library